Movies by Bald Characters Quiz Stats

 Plays Quiz Updated Aug 9, 2014

Support Sporcle.
Go Orange.
Score 0/25 Timer 08:00
1 Play Today
% Correct
Despicable Me
93.5%
Harry Potter and the Deathly Hallows: Part 2
89.5%
X-Men
89.4%
Austin Powers: Goldmember
86.9%
The Matrix
85.8%
The Green Mile
81.3%
Gandhi
79.4%
The Addams Family
72.3%
The Princess Bride
69.6%
The Dark Knight Rises
69.3%
The Mummy
67.3%
The King and I
59.7%
Pan's Labyrinth
51.7%
% Correct
Hellraiser
50.2%
Watchmen
50%
Tropic Thunder
49.2%
Indiana Jones and the Temple of Doom
48.5%
Looper
46.6%
50/50
41.5%
Apocalypse Now
38.5%
Shaft
37.7%
Hitman
37.6%
Daredevil
37%
Star Trek
36.3%
Superman Returns
34.1%

You're not logged in!

Compare scores with friends on all Sporcle quizzes.
OR
Log In

From the Vault

Real People in Musicals

by Mark_E

Live your life like Stephen Sondheim is writing a musical about you.
Remove Ads.
Support Sporcle.
Get the best of Sporcle when you Go Orange. This ad-free experience offers more features, more stats, and more fun while also helping to support Sporcle. Thank you for becoming a member.

Show Comments

Extras

Top Quizzes Today


Score Distribution

Your Account Isn't Verified!

In order to create a playlist on Sporcle, you need to verify the email address you used during registration. Go to your Sporcle Settings to finish the process.

Report this User

Report this user for behavior that violates our Community Guidelines.

Details: